000 00479nam a2200181Ia 4500
008 131103s9999 xx 000 0 und d
040 _aLoreto College
041 _aEnglish
082 _a832/GOE
_bLCBkB/
100 _aGoethe, Johann Wolfgang Von
245 _aFaust
_cJohann WolfgangVon Goethe
260 _aLondon
_bO.U.P.
_c[19?]
300 _a447 p.
_b ill.
_c 21 cm.
504 _aIncludes index
650 _aGerman literature
850 _aLCBkB/832/GOE
942 _cBK
999 _c35520
_d85999